[Event "Bashkortostan-ch"]
[Site "Tuimazy"]
[Date "2020.02.07"]
[Round "9"]
[White "Lugancev, Viktor"]
[Black "Ardashirov, Rustam"]
[Result "1-0"]
[WhiteElo "1761"]
[BlackElo "1394"]
[PlyCount "75"]
[EventDate "2020.01.26"]
[EventType "tourn"]
[EventRounds "11"]
[EventCountry "RUS"]
[SourceTitle "CBM 195 Extra"]
[Source "ChessBase"]
[SourceDate "2020.05.31"]
[SourceVersion "1"]
[SourceVersionDate "2020.05.31"]
[SourceQuality "1"]

1. e4 e6 2. Qe2 Bc5 3. g3 Nc6 4. c3 Nge7 5. Bg2 0-0 6. d4 Bb6 7. Nh3 Ng6 8. 0-0 e5 9. Be3 exd4 10. cxd4 Bxd4 11. Bxd4 Nxd4 12. Qd2 Nc6 13. f4 d6 14. f5 Nge5 15. Nc3 Nc4 16. Qe2 N6e5 17. b3 Nb6 18. Nf4 Nbd7 19. Ncd5 Nf6 20. Nxf6+ Qxf6 21. Nd5 Qd8 22. f6 Kh8 23. Qh5 c6 24. fxg7+ Kxg7 25. Nf6 h6 26. Rae1 Be6 27. g4 Rh8 28. g5 a5 29. Bh3 Bxh3 30. Qxh3 a4 31. Qf5 Ra5 32. Nh5+ Kf8 33. g6 Rg8 34. g7+ Rxg7+ 35. Nxg7 Kxg7 36. Kh1 Qe7 37. Rg1+ Kh8 38. Qc8+ 1-0

[Event "Bashkortostan-ch"]
[Site "Tuimazy"]
[Date "2020.02.03"]
[Round "7"]
[White "Lugancev, Viktor"]
[Black "Bigalin, Ilnar"]
[Result "1-0"]
[WhiteElo "1761"]
[BlackElo "1827"]
[PlyCount "95"]
[EventDate "2020.01.26"]
[EventType "tourn"]
[EventRounds "11"]
[EventCountry "RUS"]
[SourceTitle "CBM 195 Extra"]
[Source "ChessBase"]
[SourceDate "2020.05.31"]
[SourceVersion "1"]
[SourceVersionDate "2020.05.31"]
[SourceQuality "1"]

1. e4 c5 2. Nc3 d6 3. g3 Nc6 4. Bg2 Nf6 5. d3 g6 6. Nge2 Bg7 7. 0-0 h5 8. Bg5 Bd7 9. Qd2 Qc8 10. f4 Bg4 11. Kh1 Qd7 12. Ng1 Nh7 13. Bh4 f6 14. h3 Be6 15. Kh2 0-0-0 16. Nf3 Bh6 17. d4 Nxd4 18. Nxd4 cxd4 19. Qxd4 Kb8 20. f5 g5 21. fxe6 Qxe6 22. Nb5 b6 23. Qa4 Qd7 24. e5 e6 25. exd6 f5 26. Qb3 Nf6 27. Rad1 e5 28. Nc7 e4 29. Ne6 gxh4 30. Nxd8 hxg3+ 31. Qxg3 f4 32. Qg6 Qxd8 33. Bxe4 Rg8 34. Qf5 Ng4+ 35. Kh1 Ne3 36. Qf7 Rg7 37. Qxh5 Nxf1 38. Qxh6 Ng3+ 39. Kh2 Rf7 40. Bf3 Qc8 41. Qg6 Rf8 42. Qd3 Qc5 43. Qd2 Kc8 44. b4 Qe5 45. Qd3 b5 46. Qh7 Qc3 47. Qb7+ Kd8 48. Qe7+ 1-0

[Event "Bashkortostan-ch"]
[Site "Tuimazy"]
[Date "2020.01.27"]
[Round "2"]
[White "Davletshin, Vener"]
[Black "Lugancev, Viktor"]
[Result "0-1"]
[WhiteElo "1654"]
[BlackElo "1761"]
[PlyCount "66"]
[EventDate "2020.01.26"]
[EventType "tourn"]
[EventRounds "11"]
[EventCountry "RUS"]
[SourceTitle "CBM 195 Extra"]
[Source "ChessBase"]
[SourceDate "2020.05.31"]
[SourceVersion "1"]
[SourceVersionDate "2020.05.31"]
[SourceQuality "1"]

1. d4 Nf6 2. c4 e6 3. Nc3 b6 4. e4 Bb7 5. Bd3 d5 6. cxd5 exd5 7. e5 Ne4 8. Nf3 Bb4 9. Qc2 c5 10. 0-0 Bxc3 11. bxc3 0-0 12. Ba3 Nd7 13. Bxe4 dxe4 14. Nd2 Qh4 15. Rae1 f5 16. f3 Ba6 17. g3 Qg5 18. f4 Qh5 19. Rf2 Bd3 20. Qb3+ Kh8 21. Nc4 Qf7 22. Nd6 Qxb3 23. axb3 a5 24. g4 a4 25. b4 g6 26. b5 cxd4 27. cxd4 fxg4 28. Rc1 e3 29. Rc7 exf2+ 30. Kxf2 Rxf4+ 31. Ke1 Raf8 32. Rxd7 Rf2 33. Re7 Re2+ 0-1

[Event "Tuimazy-ch"]
[Site "Tuimazy"]
[Date "2019.01.30"]
[Round "4"]
[White "Lugancev, Viktor"]
[Black "Sakhabutdinov, Dinar"]
[Result "1-0"]
[WhiteElo "1756"]
[BlackElo "1422"]
[PlyCount "43"]
[EventDate "2019.01.27"]
[EventType "tourn"]
[EventRounds "11"]
[EventCountry "RUS"]
[SourceTitle "CBM 189 Extra"]
[Source "ChessBase"]
[SourceDate "2019.05.31"]
[SourceVersion "1"]
[SourceVersionDate "2019.05.31"]
[SourceQuality "1"]

1. e4 e5 2. Nf3 d6 3. d4 exd4 4. Nxd4 g6 5. Bc4 Bg7 6. 0-0 Nf6 7. Nc3 0-0 8. Bg5 Nc6 9. Nxc6 bxc6 10. f4 Qe8 11. Re1 Be6 12. Bd3 Qc8 13. h3 Bxh3 14. gxh3 Qxh3 15. Bf1 Qe6 16. Qf3 Nh5 17. Rad1 Rab8 18. b3 Rb4 19. Bh3 Qe8 20. a3 Rb8 21. e5 dxe5 22. Bd7 1-0

[Event "Tuimazy-ch"]
[Site "Tuimazy"]
[Date "2018.01.29"]
[Round "3"]
[White "Lugancev, Viktor"]
[Black "Makhmutov, Azamat"]
[Result "1-0"]
[WhiteElo "1717"]
[BlackElo "1738"]
[PlyCount "109"]
[EventDate "2018.01.28"]
[EventType "tourn"]
[EventRounds "11"]
[EventCountry "RUS"]
[SourceTitle "EXT 2019"]
[Source "ChessBase"]
[SourceDate "2018.10.10"]
[SourceVersion "1"]
[SourceVersionDate "2018.10.10"]
[SourceQuality "1"]

1. e4 c5 2. Nc3 d6 3. g3 Nf6 4. Bg2 Nc6 5. d3 Bd7 6. Nge2 e6 7. 0-0 a6 8. Bf4 Qc7 9. Qd2 Be7 10. Rae1 e5 11. Bg5 Be6 12. f4 h6 13. Bh4 exf4 14. gxf4 Nxe4 15. Bxe4 Bxh4 16. Ng3 0-0-0 17. f5 Bd7 18. Nd5 Qa5 19. Qg2 Kb8 20. a3 Ne5 21. c3 c4 22. d4 Nd3 23. Rb1 Ba4 24. b3 Bb5 25. bxc4 Bxc4 26. Nf4 Nxf4 27. Rxb7+ Kc8 28. Rxf4 d5 29. Rb4 Bg5 30. Rxc4+ dxc4 31. Bb7+ Kb8 32. Rf1 Qc7 33. Bxa6 Ka7 34. Bb5 Rb8 35. a4 Rhd8 36. Re1 Bf6 37. Qe2 Rdc8 38. Ne4 Bh4 39. Rf1 Bg5 40. Nc5 Qe7 41. Qxc4 Qe3+ 42. Kg2 Bh4 43. Qxf7+ Kb6 44. Qd5 Qxc3 45. Qd6+ Ka5 46. Qa6+ Kb4 47. Rb1+ Ka3 48. Rb3+ Qxb3 49. Nxb3 Rc2+ 50. Kh3 Kxb3 51. Kxh4 Rxh2+ 52. Kg3 Rc2 53. Qe6+ Kb2 54. d5 Rbc8 55. Bc6 1-0

[Event "Tuimazy-ch Men"]
[Site "Tuimazy"]
[Date "2017.02.06"]
[Round "8"]
[White "Lugancev, Viktor"]
[Black "Farkhutdinov, Danil"]
[Result "1-0"]
[WhiteElo "1683"]
[BlackElo "1416"]
[PlyCount "59"]
[EventDate "2017.01.24"]
[EventType "tourn"]
[EventRounds "11"]
[EventCountry "RUS"]
[SourceTitle "EXT 2022"]
[Source "ChessBase"]
[SourceDate "2021.10.06"]
[SourceVersion "1"]
[SourceVersionDate "2021.10.06"]
[SourceQuality "1"]

1. e4 e6 2. Qe2 Nc6 3. g3 d5 4. Nc3 Nb4 5. d3 dxe4 6. dxe4 Bd7 7. Nf3 Bc5 8. Bf4 Ne7 9. Rd1 Ng6 10. Bc1 a6 11. h4 Nc6 12. h5 Nge5 13. Nxe5 Nxe5 14. h6 g6 15. Bf4 Nc6 16. Qd2 Bb6 17. Bg2 Bc8 18. Qxd8+ Nxd8 19. Be5 0-0 20. Bg7 Re8 21. e5 Ba5 22. Rh4 c6 23. b4 Bc7 24. Ne4 f5 25. Nf6+ Kf7 26. Nxh7 a5 27. Ng5+ Kg8 28. Bf6 Nf7 29. h7+ Kf8 30. h8Q+ 1-0

[Event "Tuimazy-ch"]
[Site "Tuimazy"]
[Date "2016.02.14"]
[Round "13"]
[White "Gabdrakhmanov, Kamil"]
[Black "Lugancev, Viktor"]
[Result "1/2-1/2"]
[WhiteElo "1362"]
[BlackElo "1773"]
[PlyCount "93"]
[EventDate "2016.01.19"]
[EventType "tourn"]
[EventRounds "13"]
[EventCountry "RUS"]
[SourceTitle "CBM 170 Extra"]
[Source "ChessBase"]
[SourceDate "2016.02.25"]
[SourceVersion "1"]
[SourceVersionDate "2016.02.25"]
[SourceQuality "1"]

1. e4 c6 2. d4 g6 3. c3 Bg7 4. Bf4 d5 5. exd5 Qxd5 6. Nf3 Bg4 7. Nbd2 Bxf3 8. Nxf3 Nd7 9. Qb3 Qxb3 10. axb3 Ngf6 11. Bc4 Nb6 12. 0-0-0 Nfd5 13. Be5 0-0 14. Rhe1 e6 15. Bxg7 Kxg7 16. Ne5 Nxc4 17. bxc4 Nb6 18. b3 a5 19. Kc2 a4 20. Ra1 f6 21. Nf3 axb3+ 22. Kxb3 Kf7 23. Nd2 Nd7 24. Ne4 b6 25. Ra2 Rxa2 26. Kxa2 Ra8+ 27. Kb2 h6 28. Ra1 Rxa1 29. Kxa1 Ke7 30. Kb2 f5 31. Nd2 e5 32. Kc2 e4 33. Kd1 Kd6 34. Ke2 Nf6 35. f3 Ke6 36. Ke3 exf3 37. Nxf3 g5 38. Ne5 c5 39. g3 Ne4 40. Kd3 h5 41. Nf3 Kf6 42. Ne5 Ke6 43. Nf3 Kd6 44. Ne5 Ke6 45. Nf3 Kd6 46. Ne5 Ke6 47. Nf3 1/2-1/2

[Event "Tuimazy-ch"]
[Site "Tuimazy"]
[Date "2016.02.09"]
[Round "12"]
[White "Lugancev, Viktor"]
[Black "Davletshin, Vener"]
[Result "1-0"]
[WhiteElo "1773"]
[BlackElo "1709"]
[PlyCount "111"]
[EventDate "2016.01.19"]
[EventType "tourn"]
[EventRounds "13"]
[EventCountry "RUS"]
[SourceTitle "CBM 170 Extra"]
[Source "ChessBase"]
[SourceDate "2016.02.25"]
[SourceVersion "1"]
[SourceVersionDate "2016.02.25"]
[SourceQuality "1"]

1. e4 d6 2. d4 g6 3. Bc4 Bg7 4. Qf3 e6 5. c3 Nd7 6. h4 c6 7. h5 b5 8. hxg6 hxg6 9. Rxh8 Bxh8 10. Qh3 Bg7 11. Bxe6 fxe6 12. Qh7 Kf8 13. Qxg6 Qf6 14. Qg3 e5 15. Bg5 Qf7 16. Nd2 Ndf6 17. dxe5 Nh5 18. Qh4 dxe5 19. Ngf3 Nf4 20. Bxf4 exf4 21. Qd8+ Qe8 22. Qd6+ Ne7 23. Qxf4+ Qf7 24. Qd6 Bg4 25. Ng5 Qg6 26. Qf4+ Bf6 27. Nh7+ Qxh7 28. Qxf6+ Qf7 29. Qd6 Qg6 30. Qf4+ Kg7 31. f3 Be6 32. 0-0-0 Rd8 33. Rh1 a5 34. Qe5+ Kf7 35. g4 Rg8 36. Qf4+ Qf6 37. Qg3 Bxa2 38. Rh7+ Rg7 39. Rh5 a4 40. e5 Qg6 41. Ne4 Ke8 42. Qf2 Nd5 43. Qc5 Rh7 44. Rxh7 Qxh7 45. Qxc6+ Kf8 46. Qd6+ Kg7 47. Qd7+ Kg6 48. Qf5+ Kg7 49. Qxh7+ Kxh7 50. Kd2 Bb1 51. Nd6 b4 52. cxb4 Nxb4 53. f4 Kg7 54. f5 Nd3 55. f6+ Kf8 56. e6 1-0

[Event "Tuimazy-ch"]
[Site "Tuimazy"]
[Date "2016.02.07"]
[Round "11"]
[White "Lugancev, Viktor"]
[Black "Azhbiev, Usman"]
[Result "1-0"]
[WhiteElo "1773"]
[BlackElo "1468"]
[PlyCount "63"]
[EventDate "2016.01.19"]
[EventType "tourn"]
[EventRounds "13"]
[EventCountry "RUS"]
[SourceTitle "CBM 170 Extra"]
[Source "ChessBase"]
[SourceDate "2016.02.25"]
[SourceVersion "1"]
[SourceVersionDate "2016.02.25"]
[SourceQuality "1"]

1. e4 e5 2. d4 exd4 3. Qxd4 Nc6 4. Qd1 Nf6 5. Bd3 d5 6. Nd2 Bg4 7. f3 Bh5 8. Ne2 Bc5 9. c3 Qe7 10. b4 Bb6 11. a4 0-0-0 12. a5 Be3 13. Qc2 Rhe8 14. Nb3 dxe4 15. fxe4 Bxc1 16. Nbxc1 Nxe4 17. 0-0 Nf6 18. Ng3 Qe3+ 19. Kh1 Bg4 20. Bf5+ Kb8 21. Nb3 h5 22. b5 Ne7 23. b6 cxb6 24. axb6 Qxb6 25. Nd4 Nxf5 26. Ngxf5 Ne4 27. Nxg7 Re7 28. Rfb1 Qc5 29. Qa4 Bc8 30. Rb5 Nxc3 31. Nc6+ Kc7 32. Qa5+ 1-0

[Event "Tuimazy-ch"]
[Site "Tuimazy"]
[Date "2016.01.21"]
[Round "2"]
[White "Latypov, Ramil"]
[Black "Lugancev, Viktor"]
[Result "1-0"]
[WhiteElo "1809"]
[BlackElo "1773"]
[PlyCount "55"]
[EventDate "2016.01.19"]
[EventType "tourn"]
[EventRounds "13"]
[EventCountry "RUS"]
[SourceTitle "CBM 170 Extra"]
[Source "ChessBase"]
[SourceDate "2016.02.25"]
[SourceVersion "1"]
[SourceVersionDate "2016.02.25"]
[SourceQuality "1"]

1. d4 c5 2. e3 d5 3. Nf3 Bg4 4. c4 Nc6 5. Nc3 Nf6 6. cxd5 Nxd5 7. Bc4 e6 8. Qb3 Nb6 9. d5 exd5 10. Bxd5 Nxd5 11. Nxd5 Bxf3 12. gxf3 Qd7 13. e4 Nd4 14. Qd3 Bd6 15. Bf4 Bxf4 16. Nxf4 0-0 17. 0-0-0 Qa4 18. Kb1 Rad8 19. Nd5 Rd6 20. Rhg1 Ra6 21. Nc3 Qa5 22. Rg5 Ne6 23. Rf5 g6 24. Rf6 Rd8 25. Qf1 Rd4 26. a3 Qc7 27. Nd5 Qd7 28. Rxg6+ 1-0